[Event "CRO-CupT final"]
[Site "Sibenik"]
[Date "2015.05.24"]
[Round "6.6"]
[White "Djurovic, Goran"]
[Black "Ivic, Mateo"]
[Result "0-1"]
[WhiteElo "2400"]
[BlackElo "2248"]
[PlyCount "76"]
[EventDate "2015.05.20"]
[EventType "team-swiss"]
[EventRounds "6"]
[EventCountry "CRO"]
[SourceTitle "CBM 166 Extra"]
[Source "ChessBase"]
[SourceDate "2015.06.18"]
[SourceVersion "1"]
[SourceVersionDate "2015.06.18"]
[SourceQuality "1"]
[WhiteTeam "Sesvete"]
[BlackTeam "Split Brda"]
[WhiteTeamCountry "CRO"]
[BlackTeamCountry "CRO"]

1. Nf3 Nf6 2. c4 g6 3. Nc3 Bg7 4. e4 d6 5. d4 0-0 6. Be2 e5 7. 0-0 Nc6 8. d5 Ne7 9. b4 c6 10. Ne1 a5 11. bxa5 c5 12. a4 Ne8 13. Ra3 f5 14. f4 Kh8 15. fxe5 Bxe5 16. Bd3 f4 17. Nf3 Bg4 18. Nb5 g5 19. Be2 Bxf3 20. gxf3 Ng6 21. Bd2 Nf6 22. Kh1 Rg8 23. Rg1 Qe7 24. Qf1 Raf8 25. Bd3 Qd7 26. Rxg5 Nh4 27. Rxe5 dxe5 28. Be1 Ng2 29. Bc3 Rg5 30. Bxe5 Rxe5 31. Qxg2 Rg8 32. Qf2 Reg5 33. Ra1 Qh3 34. Nd6 R8g7 35. Nf7+ Rxf7 36. Rg1 Rxg1+ 37. Kxg1 Rg7+ 38. Kh1 Nh5 0-1

[Event "CRO-CupT final"]
[Site "Sibenik"]
[Date "2015.05.23"]
[Round "5.8"]
[White "Ivic, Mateo"]
[Black "Zovko, Mario"]
[Result "1/2-1/2"]
[WhiteElo "2248"]
[BlackElo "2295"]
[PlyCount "61"]
[EventDate "2015.05.20"]
[EventType "team-swiss"]
[EventRounds "6"]
[EventCountry "CRO"]
[SourceTitle "CBM 166 Extra"]
[Source "ChessBase"]
[SourceDate "2015.06.18"]
[SourceVersion "1"]
[SourceVersionDate "2015.06.18"]
[SourceQuality "1"]
[WhiteTeam "Split Brda"]
[BlackTeam "Vukovar 91"]
[WhiteTeamCountry "CRO"]
[BlackTeamCountry "CRO"]

1. d4 Nf6 2. Nf3 e6 3. Bf4 b6 4. e3 Bb7 5. Bd3 Be7 6. 0-0 d6 7. h3 0-0 8. Nbd2 c5 9. c3 Nbd7 10. Rc1 Rc8 11. Qc2 Qc7 12. Qb1 Qb8 13. Bh2 Qa8 14. Rfd1 cxd4 15. cxd4 Rxc1 16. Rxc1 Rc8 17. Rc2 g6 18. Qc1 Rxc2 19. Qxc2 Qd8 20. a4 Kg7 21. Bb5 Nd5 22. e4 Nb4 23. Qb3 d5 24. e5 a6 25. Bf1 a5 26. Bf4 Qc8 27. Qc3 Nb8 28. Qxc8 Bxc8 29. Ne1 Kf8 30. Nb1 Ba6 31. Nc3 1/2-1/2

[Event "CRO-CupT final"]
[Site "Sibenik"]
[Date "2015.05.21"]
[Round "2.8"]
[White "Tomicic, Zvonimir"]
[Black "Ivic, Mateo"]
[Result "1/2-1/2"]
[WhiteElo "2190"]
[BlackElo "2248"]
[PlyCount "75"]
[EventDate "2015.05.20"]
[EventType "team-swiss"]
[EventRounds "6"]
[EventCountry "CRO"]
[SourceTitle "CBM 166 Extra"]
[Source "ChessBase"]
[SourceDate "2015.06.18"]
[SourceVersion "1"]
[SourceVersionDate "2015.06.18"]
[SourceQuality "1"]
[WhiteTeam "Osijek ETF"]
[BlackTeam "Split Brda"]
[WhiteTeamCountry "CRO"]
[BlackTeamCountry "CRO"]

1. Nf3 Nf6 2. g3 g6 3. b3 Bg7 4. Bb2 0-0 5. Bg2 c5 6. c4 Nc6 7. 0-0 d6 8. d3 a6 9. Nc3 Rb8 10. Qc1 b5 11. e3 e5 12. Rd1 Qe7 13. Nd2 Nb4 14. Nf1 Bb7 15. Bxb7 Qxb7 16. e4 Nc6 17. Nd5 Nxd5 18. cxd5 Nd4 19. Bxd4 cxd4 20. Qg5 f6 21. Qd2 f5 22. Rac1 Rbc8 23. Rxc8 Rxc8 24. Rc1 fxe4 25. dxe4 Rc5 26. Rxc5 dxc5 27. Qg5 Qd7 28. Nd2 Kf7 29. Nf3 Qd6 30. Qg4 Bf6 31. Qc8 Kg7 32. Ne1 c4 33. bxc4 Qb4 34. Qd7+ Kh6 35. Qh3+ Kg7 36. Qd7+ Kh6 37. Qh3+ Kg7 38. Qd7+ 1/2-1/2

[Event "CRO-CupT final"]
[Site "Sibenik"]
[Date "2015.05.20"]
[Round "1.1"]
[White "Ivic, Mateo"]
[Black "Markus, Robert"]
[Result "0-1"]
[WhiteElo "2248"]
[BlackElo "2628"]
[PlyCount "44"]
[EventDate "2015.05.20"]
[EventType "team-swiss"]
[EventRounds "6"]
[EventCountry "CRO"]
[SourceTitle "CBM 166 Extra"]
[Source "ChessBase"]
[SourceDate "2015.06.18"]
[SourceVersion "1"]
[SourceVersionDate "2015.06.18"]
[SourceQuality "1"]
[WhiteTeam "Split Brda"]
[BlackTeam "Rijeka Liburnija"]
[WhiteTeamCountry "CRO"]
[BlackTeamCountry "CRO"]

1. e4 c5 2. Nf3 e6 3. d4 cxd4 4. Nxd4 a6 5. Nc3 Qc7 6. Be3 Bb4 7. Qd2 Nf6 8. f3 d5 9. exd5 Nxd5 10. Nde2 Nxe3 11. Qxe3 0-0 12. 0-0-0 Nc6 13. Ng3 f5 14. f4 b5 15. Be2 Na5 16. Rd2 Bc5 17. Qd3 Nc4 18. Bf3 Be3 19. Bxa8 Bxd2+ 20. Kb1 Rd8 21. Qf3 Bxf4 22. Ka1 Be5 0-1

[Event "CRO-chT1B"]
[Site "Bol"]
[Date "2014.10.11"]
[Round "8.1"]
[White "Muskardin, Mario"]
[Black "Ivic, Mateo"]
[Result "0-1"]
[WhiteElo "2264"]
[BlackElo "2333"]
[PlyCount "40"]
[EventDate "2014.10.04"]
[EventType "team-tourn"]
[EventRounds "9"]
[EventCountry "CRO"]
[SourceTitle "CBM 162 Extra"]
[Source "ChessBase"]
[SourceDate "2014.10.17"]
[SourceVersion "1"]
[SourceVersionDate "2014.10.17"]
[SourceQuality "1"]
[WhiteTeam "Koprivnica"]
[BlackTeam "Split Brda"]
[WhiteTeamCountry "CRO"]
[BlackTeamCountry "CRO"]

1. Nf3 Nf6 2. c4 g6 3. Nc3 Bg7 4. d4 0-0 5. Bg5 d6 6. e3 c5 7. Be2 h6 8. Bh4 g5 9. Bg3 Nh5 10. Qc2 cxd4 11. Nxd4 Nxg3 12. hxg3 Nc6 13. Nf5 Bxf5 14. Qxf5 e6 15. Qh3 Qb6 16. Rd1 Qxb2 17. Ne4 f5 18. Nxd6 Rad8 19. c5 Qc3+ 20. Rd2 Qxc5 0-1